Chaîne de mots de 4 lettres - Cinéma - Statistiques

Statistiques générales
  • Ce quiz a été pris 40 949 fois
  • Le résultat moyen est 16 sur 27
Statistiques - réponses
Indice Réponse % Correct
Poisson-clown de Pixar, fils de Marin Némo
98%
Sport et passion de Brice de Nice Surf
92%
Il forme un duo d'acteurs avec Ramzy Éric
91%
Film de David Fincher : Fight ____ Club
89%
Film avec les Nuls : La Cité de la ____ Peur
88%
La Reine des neiges Elsa
87%
Amie de Stitch Lilo
87%
Prénom de Stone ou de Watson Emma
81%
Interprétée par Kate Winslet dans Titanic Rose
81%
Maître Jedi dans Star Wars Yoda
79%
Mot familier désignant un échec au cinéma Flop
70%
Associée à "la cuisse" dans un film avec De Funès Aile
65%
Espèce de Legolas dans Le Seigneur des Anneaux Elfe
65%
Interprète de Léon Reno
58%
Il boit son martini au shaker, pas à la cuillère Bond
52%
Film de 2014 où les humains n'utilisent que 10% des capacités de leur cerveau Lucy
47%
Surnom de Riggs quand elle est "fatale" Arme
46%
Ville du premier film des Frères Lumière Lyon
45%
Monstre légendaire héros du film Abominable Yéti
44%
Partie notable du tigre dans Rocky III Oeil
39%
Récompense en or berlinoise Ours
37%
Pays où se déroule le film Argo Iran
31%
Style cinématographique de Fritz Lang : Film ____ Noir
29%
Elle joue la Femme Invisible dans Les 4 Fantastiques Alba
23%
Réalisateur de La Grande Vadrouille Oury
21%
Thriller de Spielberg avec un camion Duel
18%
Prénom du Flic de Beverly Hills Axel
15%
Aucun quiz correspondant
Distribution des résultats
% des personnes avec chaque résultat
Percentile par nombre de réponses
Votre historique - résultats
Vous n’avez pas pris ce quiz